<?xml version="1.0" encoding="UTF-8"?><?xml-stylesheet type="text/xsl" href="static/style.xsl"?><OAI-PMH xmlns="http://www.openarchives.org/OAI/2.0/" xmlns:xsi="http://www.w3.org/2001/XMLSchema-instance" xsi:schemaLocation="http://www.openarchives.org/OAI/2.0/ http://www.openarchives.org/OAI/2.0/OAI-PMH.xsd"><responseDate>2026-04-13T13:30:53Z</responseDate><request verb="GetRecord" identifier="oai:www.recercat.cat:10230/72097" metadataPrefix="marc">https://recercat.cat/oai/request</request><GetRecord><record><header><identifier>oai:recercat.cat:10230/72097</identifier><datestamp>2025-12-05T15:24:39Z</datestamp><setSpec>com_2072_6</setSpec><setSpec>col_2072_452952</setSpec></header><metadata><record xmlns="http://www.loc.gov/MARC21/slim" xmlns:dcterms="http://purl.org/dc/terms/" xmlns:xsi="http://www.w3.org/2001/XMLSchema-instance" xmlns:doc="http://www.lyncode.com/xoai" xsi:schemaLocation="http://www.loc.gov/MARC21/slim http://www.loc.gov/standards/marcxml/schema/MARC21slim.xsd">
   <leader>00925njm 22002777a 4500</leader>
   <datafield ind2=" " ind1=" " tag="042">
      <subfield code="a">dc</subfield>
   </datafield>
   <datafield ind2=" " ind1=" " tag="720">
      <subfield code="a">Permanyer Ugartemendia, Ander</subfield>
      <subfield code="e">author</subfield>
   </datafield>
   <datafield ind2=" " ind1=" " tag="260">
      <subfield code="c">2025-12-02T10:35:53Z</subfield>
   </datafield>
   <datafield ind2=" " ind1=" " tag="260">
      <subfield code="c">2025-12-02T10:35:53Z</subfield>
   </datafield>
   <datafield ind2=" " ind1=" " tag="260">
      <subfield code="c">2023</subfield>
   </datafield>
   <datafield ind2=" " ind1=" " tag="260">
      <subfield code="c">2025-12-02T10:35:53Z</subfield>
   </datafield>
   <datafield ind2=" " ind1=" " tag="520">
      <subfield code="a">Early modern connections between the Pacific shores of the Spanish Empire have been assessed in previous studies and yet, studies on the subsequent developments during the late eighteenth and early nineteenth centuries are scant. This particularly applies to the consequences of the commercial developments at the end of the Manila Galleon and the collapse of the Spanish Empire in America. Through the analysis of the professional networks of Francisco Xavier de Ezpeleta, and Juan Nepomuceno Machado, which stretched from Asia to Mexico at the time, this paper proposes some preliminary conclusions about trans-Pacific links. It focuses on the study of networks and connections, and builds upon archival sources - mostly from the Jardine Matheson Archive, in Cambridge. In the transition from the eighteenth to the nineteenth centuries, actors who made up Hispanic trading networks in what remained of the crumbling Spanish Empire, reorganised to benefit from opportunities as mercantilist limitations came to an end. In so doing, by the 1820s, Hispanic traders allied with the forebears of the British firm of Jardine, Matheson &amp; Co., and controlled the resulting networks. This paper points to Hispanic trans-Pacific connections during the development of European private trade between East Asia and the Mexican Pacific. Ties between British and Hispanic merchants are key for the analysis of the opium trade and Western imperialism in East Asia, and the development of British commercial hegemony in Latin America in the nineteenth century.</subfield>
   </datafield>
   <datafield ind1="8" ind2=" " tag="024">
      <subfield code="a">http://hdl.handle.net/10230/72097</subfield>
   </datafield>
   <datafield tag="653" ind2=" " ind1=" ">
      <subfield code="a">Francisco Xavier de Ezpeleta</subfield>
   </datafield>
   <datafield tag="653" ind2=" " ind1=" ">
      <subfield code="a">Juan Nepomuceno Machado</subfield>
   </datafield>
   <datafield tag="653" ind2=" " ind1=" ">
      <subfield code="a">Jardine, Matheson &amp; Co.</subfield>
   </datafield>
   <datafield tag="653" ind2=" " ind1=" ">
      <subfield code="a">Mexico</subfield>
   </datafield>
   <datafield tag="653" ind2=" " ind1=" ">
      <subfield code="a">Philippines</subfield>
   </datafield>
   <datafield tag="653" ind2=" " ind1=" ">
      <subfield code="a">Royal Philippine Company</subfield>
   </datafield>
   <datafield ind2="0" ind1="0" tag="245">
      <subfield code="a">The collapse of mercantilism: anglo-hispanic trans-Pacific ventures in Asia at the end of the Spanish empire (1815-30)</subfield>
   </datafield>
</record></metadata></record></GetRecord></OAI-PMH>